000 00694nam a2200253Ia 4500
003 OSt
005 20220912151200.0
006 a|||||r|||| 00| 0
007 ta
008 220909b |||||||| |||| 00| 0 eng d
024 _a35213
037 _cTextual
040 _aCSL
_beng
_cCSL
041 _aeng
082 _aY7:(G:66), M5
100 _aEldredge Niles
245 0 _aUnfinished synthesis: Biological hierarchies and modern evolutionary thought
260 _aNew York
_b CUP
_c1985
300 _aviii, 237p.
_ccm.
650 _a Human evolution
650 _aAnthropology
942 _hY7:(G:66), M5
_cTEXL
_2CC
999 _c62925
_d62925